书目信息 |
| 题名: |
纳西东巴文献各类词性记录情况调查研究
|
|
| 作者: | 黄思贤 著 | |
| 分册: | ||
| 出版信息: | 北京 中国社会科学出版社 2018.03 |
|
| 页数: | 411页 | |
| 开本: | 24cm | |
| 丛书名: | ||
| 单 册: | ||
| 中图分类: | H257.4 | |
| 科图分类: | ||
| 主题词: | 东巴文--词类--调查研究 | |
| 电子资源: | ||
| ISBN: | 978-7-5203-1709-2 | |
| 000 | 00946nam0 2200229 450 | |
| 001 | 652 | |
| 005 | 20180924085801.60 | |
| 010 | @a978-7-5203-1709-2@dCNY109.00 | |
| 100 | @a20180513d2018 em y0chiy50 ea | |
| 101 | 0 | @achi |
| 102 | @aCN@b110000 | |
| 105 | @aa z 000yy | |
| 200 | 1 | @a纳西东巴文献各类词性记录情况调查研究@9na xi dong ba wen xian ge lei ci xing ji lu qing kuang diao cha yan jiu@f黄思贤著 |
| 210 | @a北京@c中国社会科学出版社@d2018.03 | |
| 215 | @a411页@c图@d24cm | |
| 300 | @a国家社科基金项目:纳西东巴文献各类词性记录情况调查研究 海南省哲学社会科学专项课题:甲骨文与东巴文的比较研究 海南师范大学文学院中国语言文学学科建设经费资助 | |
| 330 | @a本书详细地描写了东巴文献中名词、动词、形容词、代词、量词、数词、副词、助词和连词八类词的东巴文记录情况。 | |
| 606 | 0 | @a东巴文@x词类@x调查研究 |
| 690 | @aH257.4@v5 | |
| 701 | 0 | @a黄思贤@9huang si xian@f(1975-)@4著 |
| 801 | 0 | @aCN@b91MARC@c20180513 |
| 905 | @aMuseLib@dH257.4@e27 | |
| 纳西东巴文献各类词性记录情况调查研究/黄思贤著.-北京:中国社会科学出版社,2018.03 |
| 411页:图;24cm |
| 国家社科基金项目:纳西东巴文献各类词性记录情况调查研究 海南省哲学社会科学专项课题:甲骨文与东巴文的比较研究 海南师范大学文学院中国语言文学学科建设经费资助 |
| ISBN 978-7-5203-1709-2:CNY109.00 |
| 本书详细地描写了东巴文献中名词、动词、形容词、代词、量词、数词、副词、助词和连词八类词的东巴文记录情况。 |
| ● |
| 相关链接 |
|
|
|
|
正题名:纳西东巴文献各类词性记录情况调查研究
索取号:H257.4/27
 
预约/预借
| 序号 | 登录号 | 条形码 | 馆藏地/架位号 | 状态 | 备注 |
| 1 | 1120058 | 211200582 | 第二样本阅览室/ [索取号:H257.4/27] | 在馆 | |
| 2 | 1120059 | 211200591 | 第四借阅区/ [索取号:H257.4/27] | 在馆 | |
| 3 | 1120060 | 211200608 | 密集书库-资源管理系/ [索取号:H257.4/27] | 在馆 | |
| 4 | 1120061 | 211200617 | 第四借阅区/ [索取号:H257.4/27] | 在馆 |